The emptiness of a Godless life: an exposition on the book of Ecclesiastes

Guardat en:
Dades bibliogràfiques
Autor principal: OYEBOLA, David O.
Format: Llibre
Idioma:anglès
Publicat: Christ and We Publications 2013
Etiquetes: Afegir etiqueta
Sense etiquetes, Sigues el primer a etiquetar aquest registre!

MARC

LEADER 00000nam a22000007a 4500
008 201215b ||||| |||| 00| 0 eng d
020 |a 978-978-50443-7-9 
100 |a OYEBOLA, David O. 
245 |a The emptiness of a Godless life: an exposition on the book of Ecclesiastes  |c David O. Oyebola  |g xiii, 405p. 
260 |b Christ and We Publications  |c 2013  |h Ibadan  |i 684055  |l BL624 .Oy3  |m Spiritual life.  |m Spiritual life – Christianity  |m Spiritual formation. 
500 |a It includes bibliographical references 
942 |a lcc  |c BK  |e Kuteyi, M. A.  |f 15/12/2020 
952 |0 0  |1 0  |2 lcc  |4 0  |6 BL0624 O Y3  |7 0  |9 559  |a HOL  |b HOL  |c AF  |d 2020-12-15  |l 0  |o BL624 .Oy3  |p 2020-2281  |r 2020-12-15 00:00:00  |w 2020-12-15  |y BK 
999 |c 306  |d 306